千禧年四觀 The meaning of the millennium : (Record no. 8725)
[ view plain ]
| 000 -LEADER | |
|---|---|
| fixed length control field | 00688nam a2200169 4500 |
| 008 - FIXED-LENGTH DATA ELEMENTS--GENERAL INFORMATION | |
| fixed length control field | 020517s1985 ch 0 chiYA |
| 020 ## - INTERNATIONAL STANDARD BOOK NUMBER | |
| International Standard Book Number | 9579337446 |
| 090 #0 - LOCALLY ASSIGNED LC-TYPE CALL NUMBER (OCLC); LOCAL CALL NUMBER (OCLC) | |
| Classification number (OCLC) (R) ; Classification number, CALL (RLIN) (NR) | BT899 |
| Local cutter number (OCLC) ; Book number/undivided call number, CALL (RLIN) | M46c |
| 100 1# - MAIN ENTRY--PERSONAL NAME | |
| Personal name | 赖德、贺依德等合著 柯樓士編 |
| 245 10 - TITLE STATEMENT | |
| Title | 千禧年四觀 The meaning of the millennium : |
| Remainder of title | four views{ch} / |
| Statement of responsibility, etc | 赖德、贺依德等合著 柯樓士編 Robert G. Clouse. |
| 260 ## - PUBLICATION, DISTRIBUTION, ETC. (IMPRINT) | |
| Place of publication, distribution, etc | Taiwan : |
| Name of publisher, distributor, etc | 中华福音神学院出版社 China Evangelical Seminary, |
| Date of publication, distribution, etc | c1985. |
| 300 ## - PHYSICAL DESCRIPTION | |
| Extent | 217 p. |
| 504 ## - BIBLIOGRAPHY, ETC. NOTE | |
| Bibliography, etc | 神學類/末世論 Includes bibliographical references |
| 650 #4 - SUBJECT ADDED ENTRY--TOPICAL TERM | |
| Topical term or geographic name as entry element | Millennium{ch}. |
| 951 ## - EQUIVALENCE OR CROSS-REFERENCE-GEOGRAPHIC NAME/AREA NAME [OBSOLETE] [CAN/MARC only] | |
| General subdivision | 00028022 |
| 951 ## - EQUIVALENCE OR CROSS-REFERENCE-GEOGRAPHIC NAME/AREA NAME [OBSOLETE] [CAN/MARC only] | |
| -- | C-5299 |
| -- | BT899/M46c-3 |
| -- | 070613111123343 |
| -- | 2000-12-21 |
| -- | CH |
| Withdrawn status | Lost status | Damaged status | Not for loan | Home library | Current library | Shelving location | Date acquired | Accession number | Shelving control number | Total Checkouts | Full call number | Barcode | Date last seen | Price effective from | Koha item type |
|---|---|---|---|---|---|---|---|---|---|---|---|---|---|---|---|
| BSOP Library | BSOP Library | Chinese Books (General Circulation) | 12/21/2000 | C-5299 | 127 | BT899/M46c-3 | 00028022 | 02/23/2013 | 02/23/2013 | Books |
